000 00793nam a22002417a 4500
003 UA-OsUOA
001 75611
007 ta
008 20110527b un ||||| |||| 00| 0 ukr d
100 _aКотик І.В.
090 _a82.09(477)
_bК73
942 _cBK
040 _aUA-OsUOA
_bukr
_cUA-OsUOA
_dUA-OsUOA
245 _aЕкзистенційний вимір людини в поезії Юрія Тарнавського
_bмонографія
_cнаук. ред. та авт. післямови Є.К.Нахлік
300 _a176 с.
955 _a1
041 _aukr
080 _a82.09(477)
020 _a966-02-2625-Х
260 _aЛьвів
_bНАН України
_c2009
650 7 _a82 Література. Літературознавство
_2UDC
999 _c361908
_d361908